000 00278nam a2200097 a 4500
005 20200930070735.0
008 110923s1956 000 spa d
245 0 _aSignificación maritima de Montevideo en los siglos xviii y xix.
260 _aMontevideo,
_c1956.
999 _c33550
_d33550
040 _aDO-SdBNP